Biblioteca

Historia de la exégesis (Registro nro. 66527)

Detalles MARC
000 -LÍDER
Campo fijo de descripción fija 01426nam a2200301 i 4500
001 - NÚMERO DE CONTROL
Campo de control 768714001
003 - IDENTIFICADOR DEL NÚMERO DE CONTROL
Campo de control CO-MdFUSB
005 - FECHA Y HORA DE LA ULTIMA TRANSACCIÓN
control field 20210908100436.0
007 - CAMPO FIJO DE DESCRIPCIÓN FIJA--INFORMACIÓN GENERAL
Campo fijo de descripción fija ta
008 - ELEMENTOS DE LONGITUD FIJA -- INFORMACIÓN GENERAL
Campo fijo de descripción fija -- Información general 200717t ck |||| i||| 00| 0 spa d
020 ## - NÚMERO INTERNACIONAL NORMALIZADO PARA LIBROS
Número Internacional Normalizado del libro [No incluye ISBN]
040 ## - FUENTE DE CATALOGACIÓN
Agencia de catalogación original CO-MdFUSB
Idioma de catalogación spa
Agencia que realiza la transcripción CO-MdFUSB
Agencia que realiza la modificación CO-MdFUSBC
Convenciones de la descripción rda
041 ## - CÓDIGO DE IDIOMA
Código de idioma para texto/pista de sonido o título separado spa
082 ## - NÚMERO DE CLASIFICACIÓN DECIMAL DEWEY
Número de la edición del Dewey 23
Número de clasificación 220.6
Clave de autor-Numero de item D686
100 ## - ASIENTO PRINCIPAL--NOMBRE PERSONAL
Nombre personal Donner, Theo G.
Fechas asociadas con el nombre 1955
Término relacionador autor
245 1# - TÍTULO
Título del Material Historia de la exégesis
Parte restante del título - Subtitulo : un bosquejo
Mención de responsabilidad, etc. / Theo G. Donner
264 #1 - PRODUCCIÓN, PUBLICACIÓN, DISTRIBUCIÓN, MANUFACTURA, Y COPYRIGHT
Lugar de producción, publicación, distribución, manufactura Bogotá, Colombia :
Nombre del productor, publicador, distribuidor Fundación Universitaria Seminario Bíblico de Colombia,
Fecha de producción, publicación, distribución, manufactura, o copyright [Fecha de publicación no identificada]
300 ## - DESCRIPCIÓN FÍSICA
Dimensiones 88 páginas ;
Extensión 21 cm
336 ## - TIPO DE CONTENIDO
Fuente rdacontent
Término de tipo de contenido texto
Código de tipo de contenido txt
337 ## - TIPO DE MEDIO
Fuente rdamedia
Nombre del tipo de medio sin mediación
Código del tipo de medio n
338 ## - TIPO DE SOPORTE
Fuente rdacarrier
Nombre del tipo de soporte volumen
Código Tipo de soporte nc
505 ## - NOTA DE CONTENIDO
Nota de contenido con formato preestablecido La exégesis rabínica -- La exégesis de Qumran -- La exégesis judía en Alejandría -- La interpretación bíblica en el NT -- La exégesis de los padres apostólicos y apologetas: dos ejemplos -- La exégesis de orígenes de Alejandría -- Historia posterior de la exégesis -- Renacimiento y reforma -- Martín Lutero -- Juan Calvino -- La alta crítica -- Hermenéutica y liberación: I José Míguez Bonino -- Hermenéutica y liberación: II José Severino Croatto -- Indice -- Nota sobre el autor
563 ## - NOTA DE ENCUADERNACIÓN
Nota de encuadernación Rústico
630 07 - TITULO UNIFORME
Título uniforme Biblia
Subdivisión de materia general Crítica, interpretación, etc.
653 ## - TÉRMINO DE INDIZACIÓN - NO CONTROLADO
Término no controlado Exégesis.
942 ## - TIPO DE MATERIAL (KOHA)
Tipo de Item KOHA Libros General
945 ## - INFORMACIÓN LOCAL DEL REGISTRO
Catalogador Dani
Existencias
Estado de Material Estado de Perdido Forma de Clasificación Estado de Dañado No para Préstamo Colección Biblioteca de Origen Biblioteca Permanente Fecha de Adquisición Área Total de Préstamos Signatura Topográfica Código de Barras Última vez visto Última vez Préstado Ejemplar/Existencia Fecha de Remplazo Tipo de Material
    Dewey Decimal Classification     Colección General Biblioteca FUSBC Biblioteca FUSBC 17/07/2020 HISTORIA 1 G 220.6 D686h 8017 10/12/2025 01/12/2025 Ej.1 17/07/2020 Libros Patrimoniales

Biblioteca FUSBC | Teléfono: (57+4) 349 88 10 Ext. 141| WhatsApp (+57) 3005338115 
E-mail: biblioteca@unisbc.edu.co | Calle 76 87-14 Robledo Palenque, Medellín, Colombia

Con tecnología Koha